Structured BASIC programming / (Record no. 176542)
[ view plain ]
| 000 -LEADER | |
|---|---|
| fixed length control field | 01021 a2200217 4500 |
| 003 - CONTROL NUMBER IDENTIFIER | |
| control field | Nust |
| 005 - DATE AND TIME OF LATEST TRANSACTION | |
| control field | 20230515085857.0 |
| 010 ## - LIBRARY OF CONGRESS CONTROL NUMBER | |
| LC control number | 83062900 |
| 020 ## - INTERNATIONAL STANDARD BOOK NUMBER | |
| International Standard Book Number | 0675201063 (pbk.) |
| 040 ## - CATALOGING SOURCE | |
| Transcribing agency | Nust |
| 082 00 - DEWEY DECIMAL CLASSIFICATION NUMBER | |
| Classification number | 001.6424,MOR |
| 100 1# - MAIN ENTRY--PERSONAL NAME | |
| Personal name | Moriber, Harry A. |
| 9 (RLIN) | 112270 |
| 245 10 - TITLE STATEMENT | |
| Title | Structured BASIC programming / |
| Statement of responsibility, etc. | Harry A. Moriber. |
| 260 ## - PUBLICATION, DISTRIBUTION, ETC. | |
| Place of publication, distribution, etc. | Columbus : |
| Name of publisher, distributor, etc. | C.E. Merrill Pub. Co., |
| Date of publication, distribution, etc. | c1984. |
| 300 ## - PHYSICAL DESCRIPTION | |
| Extent | 552 p. : |
| Other physical details | ill. ; |
| Dimensions | 28 cm. |
| 440 #0 - SERIES STATEMENT/ADDED ENTRY--TITLE | |
| Title | Charles E. Merrill information processing series |
| 9 (RLIN) | 112271 |
| 505 ## - FORMATTED CONTENTS NOTE | |
| Formatted contents note | Introduction to Computer Programming (Page-1), Structured Design Problem Solving (Page-29), Simple Input/ Output Operations in Basic (Page-59), Simple Calculations (Page-105), Looping (Page-158), Calculations with Logical Decisions (Page-223), Introduction to Tables and Arrays (Page-301), Advanced Table Processing (Page-367), Programming with Files (Page-431), Plotting (Page-527). |
| 650 #0 - SUBJECT ADDED ENTRY--TOPICAL TERM | |
| Topical term or geographic name entry element | BASIC (Computer program language) |
| 9 (RLIN) | 783 |
| 650 #0 - SUBJECT ADDED ENTRY--TOPICAL TERM | |
| Topical term or geographic name entry element | Structured programming. |
| 9 (RLIN) | 3675 |
| 942 ## - ADDED ENTRY ELEMENTS (KOHA) | |
| Source of classification or shelving scheme | |
| Koha item type | Book |
| Withdrawn status | Lost status | Source of classification or shelving scheme | Damaged status | Not for loan | Permanent Location | Current Location | Shelving location | Date acquired | Full call number | Barcode | Date last seen | Price effective from | Koha item type | Public note |
|---|---|---|---|---|---|---|---|---|---|---|---|---|---|---|
| Military College of Signals (MCS) | Military College of Signals (MCS) | General Stacks | 12/12/2016 | 001.6424,MOR | MCS3559 | 12/08/2016 | 12/12/2016 | Book | Almirah No.79, Shelf No.1 |
